Viejos y nuevos estudios sobre las instituciones medievales españolas / (Record no. 137426)

MARC details
000 -LEADER
campo de control de longitud fija 00648nam a2200181 i 4500
001 - NÚMERO DE CONTROL
campo de control 137426
003 - IDENTIFICADOR DE NÚMERO DE CONTROL
campo de control ES-MaACL
005 - FECHA Y HORA DE LA ÚLTIMA TRANSACCIÓN
campo de control 20231228203848.0
007 - CAMPO FIJO DE DESCRIPCIÓN FÍSICA--INFORMACIÓN GENERAL
campo de control de longitud fija t|
008 - DATOS DE LONGITUD FIJA--INFORMACIÓN GENERAL
campo de control de longitud fija 070214s1980 sp a |||| | spa d
100 1# - ENTRADA PRINCIPAL--NOMBRE DE PERSONA
Nombre de persona Sánchez-Albornoz, Claudio,
Fechas asociadas al nombre 1893-1984
9 (RLIN) 102440
245 10 - MENCIÓN DEL TÍTULO
Título Viejos y nuevos estudios sobre las instituciones medievales españolas /
Mención de responsabilidad, etc. Claudio Sánchez-Albornoz.
Número de parte o sección de la obra , . Tomo III,
Nombre de parte o sección de la obra Ultimos estudios.
260 ## - PUBLICACIÓN, DISTRIBUCIÓN, ETC.
Lugar de publicación, distribución, etc. Madrid :
Nombre del editor, distribuidor, etc. Espasa-Calpe,
Fecha de publicación, distribución, etc. 1980.
300 ## - DESCRIPCIÓN FÍSICA
Extensión VIII, 470 p. :
Otras características físicas il. ;
Dimensiones 24 cm.
651 #4 - PUNTO DE ACCESO ADICIONAL DE MATERIA--NOMBRE GEOGRÁFICO
Nombre geográfico España-
Subdivisión general Historia-
Subdivisión cronológica 0414-1474, Edad media.
9 (RLIN) 8214
852 ## - LOCALIZACIÓN
Ubicación ES-MaACL
Número de control de estantería L-3362
Holdings
Estatus retirado Estado de pérdida Estado de daño No para préstamo Biblioteca de origen Biblioteca actual Ubicación en estantería Fecha de adquisición Fuente de adquisición Total de préstamos Signatura topográfica completa Código de barras Visto por última vez Precio de reemplazo Tipo de ítem Koha
        Biblioteca del Ateneo de Madrid Biblioteca del Ateneo de Madrid Depósito 2 17/01/2008     L-3362 1143011 23/02/2023 23/02/2023 Libro impreso